| 000 | 01016cam a2200229 4500 | ||
|---|---|---|---|
| 008 | 021209n2002 000 0 eng u | ||
| 020 | _a1859461263 | ||
| 035 | _a(Sirsi) u120711 | ||
| 041 | _aeng. | ||
| 050 |
_a692.8 _c18 |
||
| 100 | _aLupton, Sarah | ||
| 245 | _aGuide to WCD98 | ||
| 260 |
_aLondon _bRIBA _c2002 |
||
| 300 |
_a170p. _c25cm. |
||
| 350 | _a32 | ||
| 520 | _aA guide to the operation and administration of the JCT WCD 98' Explains everything from novation and consultant switch to the different procedures for the reimbursement of direct loss and/or expense. Includes useful diagrams and tables, and various issues are illustrated by reference to recent court cases. | ||
| 650 | _aJCT STANDARD FORM OF BUILDING CONTRACT WITH CONTRACTORS DESIGN (1998 EDITION) | ||
| 650 | _aDESIGN AND BUILD | ||
| 650 | _aBUILT ENVIRONMENT-BUILDING CONTRACT FORMS-STANDARD FORMS OF BUILDING CONTRACT-JOINT CONTRACTS TRIBNUAL CONTRACTS | ||
| 690 | _aBUILT ENVIRONMENT-BUILDING CONTRACT FORMS | ||
| 942 | _n0 | ||
| 999 |
_c102548 _d102548 |
||